[Event "Arab-ch U14 op"]
[Site "Hammamet"]
[Date "2018.10.28"]
[Round "1.8"]
[White "Gabsi, Amine"]
[Black "Yazan, Abo Khalaf"]
[Result "0-1"]
[WhiteElo "1232"]
[BlackElo "1612"]
[PlyCount "82"]
[EventDate "2018.10.28"]
[EventType "swiss"]
[EventRounds "9"]
[EventCountry "TUN"]
[SourceTitle "EXT 2024"]
[Source "ChessBase"]
[SourceDate "2023.10.10"]
[SourceVersion "1"]
[SourceVersionDate "2023.10.10"]
[SourceQuality "1"]

1. e4 d5 2. exd5 Nf6 3. Nc3 Nxd5 4. Nxd5 Qxd5 5. Nf3 Bg4 6. Be2 e5 7. d3 Nc6 8. h3 Bd7 9. 0-0 0-0-0 10. Be3 Be7 11. c4 Qe6 12. Nd2 f5 13. Nb3 g5 14. d4 exd4 15. Nxd4 Nxd4 16. Qxd4 b6 17. Qc3 g4 18. hxg4 fxg4 19. g3 h5 20. Bf4 Bf6 21. Qe3 Qc6 22. Qa3 h4 23. f3 hxg3 24. Bxg3 Bd4+ 25. Kg2 Qh6 26. Rh1 gxf3+ 27. Qxf3 Bc6 28. Rxh6 Bxf3+ 29. Bxf3 Rxh6 30. Bg4+ Kb8 31. Rd1 Rg6 32. Bf5 Rxg3+ 33. Kxg3 Be5+ 34. Kf3 Rxd1 35. Ke4 Bxb2 36. Bg4 Ra1 37. Be6 Rxa2 38. c5 Ra4+ 39. Kd5 Ra5 40. Kc6 Rxc5+ 41. Kd7 a5 0-1